NFL Rushing Leaders: New York Jets - Statistics

General Stats
  • This quiz has been taken 36 times
  • The average score is 3 of 10
Answer Stats
Rank Player Yards Years w/ Team % Correct
1 CurtisMartin 10302 1998-2005
100%
7 ThomasJones 3833 2007-2009
50%
2 FreemanMcNeil 8074 1981-1992
47%
8 BilalPowell 3675 2011-2019
38%
3 EmersonBoozer 5135 1966-1975
32%
6 JohnRiggins 3880 1971-1975
26%
4 Matt Snell 4285 1964-1972
21%
10 AdrianMurrell 3447 1993-1997
9%
5 JohnnyHector 4280 1983-1992
6%
9 BillMathis 3589 1960-1969
3%
No matching quizzes found
Score Distribution
Percent of People with Each Score
Percentile by Number Answered
Your Score History
You have not taken this quiz